Normal view
MARC view
- Harvey, Richard A.,
Entry Personal Name
001 - CONTROL NUMBER
- control field: 5936
003 - CONTROL NUMBER IDENTIFIER
- control field: URS
005 - DATE AND TIME OF LATEST TRANSACTION
- control field: 20240806210551.0
008 - FIXED-LENGTH DATA ELEMENTS
- fixed length control field: 240806|| aca||aabn | a|a d
040 ## - CATALOGING SOURCE
- Original cataloging agency: URS
100 ## - HEADING--PERSONAL NAME
- Personal name: Harvey, Richard A.,
- Relator term: author.